Statistics for European Countries that Don't Recognise Kosovo

Click here to take the quiz!

General Stats

  • This quiz has been taken 31 times
  • The average score is 8 of 10

Answers on the Map

Answers color-coded by a green-red scale on the quiz's map according to % correct below.
 

Answer Stats

Answer% Correct
Belarus
88%
Russia
88%
Serbia
88%
Ukraine
88%
Greece
85%
Romania
81%
Bosnia and Herzegovina
73%
Moldova
73%
Slovakia
58%
Spain
42%

Score Distribution

Percentile by Number Answered

Percent of People with Each Score

Your Score History

You have not taken this quiz